Key Readings in Criminology (Record no. 48610)

MARC details
000 -LEADER
fixed length control field 00554nam a2200157 a 4500
008 - FIXED-LENGTH DATA ELEMENTS--GENERAL INFORMATION
fixed length control field 160414s2009 ||||||||||||||||| || u
020 ## - INTERNATIONAL STANDARD BOOK NUMBER
International Standard Book Number 9781843924029
050 ## - LIBRARY OF CONGRESS CALL NUMBER
Classification number HV 6025 Key
100 ## - MAIN ENTRY--PERSONAL NAME
Personal name Newburn Tim
245 10 - TITLE STATEMENT
Title Key Readings in Criminology
Statement of responsibility, etc. Edited by Tim Newburn
260 ## - PUBLICATION, DISTRIBUTION, ETC.
Place of publication, distribution, etc. UK
Name of publisher, distributor, etc. Willan Publishing
Date of publication, distribution, etc. 2009
300 ## - PHYSICAL DESCRIPTION
Extent xx, 908p.: ill
350 ## - PRICE (NR) (BK AM CF MU VM SE) [OBSOLETE]
Price 69.95
650 #0 - SUBJECT ADDED ENTRY--TOPICAL TERM
Topical term or geographic name entry element CRIMINOLOGY
995 ## - RECOMMENDATION 995 [LOCAL, UNIMARC FRANCE]
-- CBU-MAIN LIBRARY (Kitwe)
-- 69.95
-- 1
-- AVAILABLE
-- Apr 15, 2016
-- Main Library Open Access Collection
Holdings
Withdrawn status Lost status Source of classification or shelving scheme Damaged status Not for loan Home library Current library Shelving location Date acquired Total Checkouts Full call number Barcode Date last seen Price effective from Koha item type
          CBU-MAIN LIBRARY, KITWE. CBU-MAIN LIBRARY, KITWE.   11/30/2022   HV 6025 Key 746256 11/30/2022 11/30/2022 MONOGRAPH